Homeland defense : action needed to improve cost reporting for DOD's Aerospace Control Alert mission : report to congressional committees.

Bibliographic Details
Format: Government Document eBook
Language:English
Published: [Washington, D.C.] : United States Government Accountability Office, 2013.
Subjects:
Online Access:https://purl.fdlp.gov/GPO/gpo44671
http://purl.fdlp.gov/GPO/gpo44671

MARC

Tag First Indicator Second Indicator Subfields
LEADER 00000cam a2200000 i 4500
001 in00003447621
005 20210312122719.0
006 m o d f
007 cr m||||||||||
008 140306s2013 dcua ob f000 0 eng c
035 |a (OCoLC)ocn871554546 
042 |a pcc 
043 |a n-us--- 
040 |a GPO  |b eng  |e rda  |e pn  |c GPO  |d MvI 
049 |a WWW 
074 |a 0546-D (online) 
086 0 |a GA 1.13:GAO-13-785 
088 |a GAO-13-785 
110 1 |a United States.  |b Government Accountability Office,  |e issuing body. 
240 1 0 |a Homeland defense (2013 September) 
245 1 0 |a Homeland defense :  |b action needed to improve cost reporting for DOD's Aerospace Control Alert mission : report to congressional committees. 
246 3 |a Homeland defense :  |b action needed to improve cost reporting for Department of Defense's Aerospace Control Alert mission 
246 3 0 |a Action needed to improve cost reporting for DOD's Aerospace Control Alert mission 
264 1 |a [Washington, D.C.] :  |b United States Government Accountability Office,  |c 2013. 
300 |a 1 online resource (i, 13 pages) :  |b illustrations 
336 |a text  |2 rdacontent 
337 |a computer  |2 rdamedia 
338 |a online resource  |2 rdacarrier 
500 |a Title from title screen (viewed Dec. 23, 2013). 
500 |a "September 2013." 
504 |a Includes bibliographical references. 
500 |a "GAO-13-785." 
610 2 0 |a North American Aerospace Defense Command  |x Management. 
650 0 |a Missile attack warning systems  |z United States. 
650 0 |a Air defenses  |z United States. 
650 0 |a Terrorism  |x Prevention. 
856 4 0 |u https://purl.fdlp.gov/GPO/gpo44671  |t 0 
856 4 0 |u http://purl.fdlp.gov/GPO/gpo44671  |t 0 
999 f f |s 0aac95a0-f8b2-3e6a-b175-46fa0e511e8c  |i 0ef02d0d-0ad4-3d07-aece-2e06d5a70e31  |t 0 
952 f f |a Texas A&M University  |b College Station  |c Electronic Resources  |d Available Online  |t 0  |e GA 1.13:GAO-13-785  |h Superintendent of Documents classification 
998 f f |a GA 1.13:GAO-13-785  |t 0  |l Available Online